Statistics for UK Cabinet (2020-

Click here to take the quiz!

General Stats

  • This quiz has been taken 12 times
  • The average score is 13 of 28

Answer Stats

PositionAnswer% Correct
Prime MinisterBoris Johnson
100%
Chancellor of the Duchy of LancasterMichael Gove
100%
Home SecretaryPriti Patel
100%
Chancellor of the Exchequer (2020-Rishi Sunak
100%
Foreign SecretaryDominic Raab
82%
Secretary of State for Health and Social CareMatt Hancock
82%
Secretary of State for International TradeElizabeth Truss
73%
Secretary of State for EducationGavin Williamson
73%
Leader of the House of CommonsJacob Rees-Mogg
73%
Chancellor of the Exchequer (2019-2020)Sajid Javid
73%
Secretary of State for DefenceBen Wallace
45%
Secretary of State for Environment, Food and Rural Affairs (2020-)George Eustice
45%
Secretary of State for Business, Energy and Industrial Strategy (2021-)Kwasi Kwarteng
45%
Secretary of State for Housing, Communities and Local GovernmentRobert Jenrick
45%
Secretary of State for Work and PensionsTherese Coffey
45%
Secretary of State for Digital, Culture, Media and Sport (2020-)Oliver Dowden
36%
Secretary of State for Business, Energy and Industrial Strategy (2020-2021)Alok Sharma
27%
Secretary of State for Northern Ireland (2020-)Brandon Lewis
27%
Secretary of State for TransportGrant Shapps
27%
Secretary of State for Environment, Food and Rural Affairs (2019-2020)Theresa Villiers
27%
Secretary of State for Business, Energy and Industrial Strategy (2019-2020)Andrea Leadsom
18%
Secretary of State for Northern Ireland (2019-2020)Julian Smith
18%
Secretary of State for JusticeRobert Buckland
18%
Secretary of State for Exiting the European Union (2018-2020)Steve Barclay
18%
Leader of the House of LordsBaroness Evans of Bowes Park
9%
Secretary of State for ScotlandAlister Jack
0%
Secretary of State for Digital, Culture, Media and Sport (2019-2020)Baroness Morgan of Cotes
0%
Secretary of State for WalesSimon Hart
0%

Score Distribution

Percentile by Number Answered

Percent of People with Each Score

Your Score History

You have not taken this quiz